Principios y normas de administración / (Registro nro. 56608)

Detalles MARC
000 -LEADER
campo de control de longitud fija 00494nam a2200157 i 4500
001 - NÚMERO DE CONTROL
campo de control 56608
003 - IDENTIFICADOR DE NÚMERO DE CONTROL
campo de control ES-MaACL
007 - CAMPO FIJO DE DESCRIPCIÓN FÍSICA--INFORMACIÓN GENERAL
campo de control de longitud fija t|
008 - DATOS DE LONGITUD FIJA--INFORMACIÓN GENERAL
campo de control de longitud fija 031010s1965 mx ||||1| spa d
100 1# - ENTRADA PRINCIPAL--NOMBRE DE PERSONA
Nombre de persona Dimock, Marshall E.
9 (RLIN) 44829
245 10 - MENCIÓN DEL TÍTULO
Título Principios y normas de administración /
Mención de responsabilidad, etc. Marshall E. Dimock ; [versión española R.F. Arzac].
260 ## - PUBLICACIÓN, DISTRIBUCIÓN, ETC.
Lugar de publicación, distribución, etc. México :
Nombre del editor, distribuidor, etc. Libreros Mexicanos Unidos,
Fecha de publicación, distribución, etc. 1965.
300 ## - DESCRIPCIÓN FÍSICA
Extensión 309 p. ;
Dimensiones 19 cm.
700 1# - ENTRADA AGREGADA--NOMBRE PERSONAL
Nombre de persona Arzac, R. F.
9 (RLIN) 23523
852 ## - LOCALIZACIÓN
Ubicación ES-MaACL
Número de control de estantería E-2520
Sublocalización o colección R.58300
Existencias
Estatus retirado Estado de pérdida Estado de daño No para préstamo Biblioteca de origen Biblioteca actual Ubicación en estantería Fecha de adquisición Fuente de adquisición Total de préstamos Signatura topográfica completa Código de barras Visto por última vez Precio de reemplazo Tipo de ítem Koha
        Biblioteca del Ateneo de Madrid Biblioteca del Ateneo de Madrid Depósito 2 17/01/2008     E-2520 1059449 23/02/2023 23/02/2023 Libro impreso